Inflation et croissance en France depuis 1962

محفوظ في:
التفاصيل البيبلوغرافية
المؤلف الرئيسي: Cotta, Alain
التنسيق: كتاب
اللغة:Undetermined
منشور في: Paris Presses universitaires de France 1974
الموضوعات:
الوسوم: إضافة وسم
لا توجد وسوم, كن أول من يضع وسما على هذه التسجيلة!
Thư viện lưu trữ: Trung tâm Học liệu Trường Đại học Cần Thơ
LEADER 00494nam a2200181Ia 4500
001 CTU_82099
008 210402s9999 xx 000 0 und d
082 |a 332.4 
082 |b C846 
100 |a Cotta, Alain 
245 0 |a Inflation et croissance en France depuis 1962 
245 0 |c Alain Cotta 
260 |a Paris 
260 |b Presses universitaires de France 
260 |c 1974 
650 |a Inflation 
904 |i Trọng Hải 
980 |a Trung tâm Học liệu Trường Đại học Cần Thơ